000 00387nam a22001577a 4500
999 _c6477
_d6475
005 20210831153757.0
008 200524b xxu||||| |||| 00| 0 eng d
041 _aeng
082 _a340
100 _aBARE ACT
_95744
245 _aTHE BUILDING AND OTHER CONSTRUCTION WORKERS ACT, 1996
260 _aDELHI
_bPROFESSIONALS BOOK
300 _a172p,
650 _aLAW
_95701
942 _cBK